000 00490nam a2200181Ia 4500
001 8505
005 20260306160614.0
008 260306t2000||||xx |||||||||||||| ||spa||
041 _aESP
082 _a371.1
_bR31
100 _aBrubacher, John W.
_eAUT
245 0 _aComo ser un docente reflexivo:
_bla construcción de una cultura de la indagación en las escuelas
260 _c2000
300 _a173 páginas :
_c22 cm.
650 _aGEN
654 _aCED
942 _cLIB
_dJUS
_fJUS
_2ddc
_n
999 _c8505
_d8505